00389nam a2200133Ia 4500008004100000020001500041100001800056245003400074250000700108260002400115300001000139952009100149999001500240211105s9999 xx 000 0 und d aVYASA04300 aKumar Praveen 0aFundamentals Of Physiotherapy a\N bJaypee brothersc\N a136p. 00104070aSVYASAbSVYASAd2008-12-11l0p12262r2021-11-09 00:00:00w2021-11-09yBKS c8996d8996